000 00782nam a22002657a 4500
001 23153
003 UA-OsUOA
005 20210514141349.0
007 ta
008 20040113b un ||||| |||| 00| 0 ukr d
020 _a9660601085
040 _aUA-OsUOA
_bukr
_cUA-OsUOA
_dUA-OsUOA
041 _aukr
044 _aUA
080 _a27(042.4)
090 _a27(042.4)
_bГ61
100 _aГоловащенко С.
245 _aІсторія християнства
_bкурс лекцій; навч. посіб.
260 _aК.
_bЛибідь
_c1999
300 _a352 с.
650 7 _a27 Загальна історія Християнської церкви
_2UDC
942 _cBK
_2udc
955 _a2
999 _c309396
_d309396